000 01341nmm a2200361 a 4500
001 ocm0002347553
003 TR-IsHL
005 20201028185528.0
008 190822s2019 tu tur
007 cr cn
020 _a9786052813584
035 _a2347553
_b(N$T)
050 0 4 _aZ711.92.H3
_bB55 2019
090 0 4 _aZ711.92.H3
_bB55 2019
245 1 0 _aBilgiye erişimde engellilere yönelik kütüphane uygulamaları
_h[electronic resource] /
_ceditör Dr. Pervin Bezirci
250 _a1. Baskı
260 _aİstanbul :
_bHiperlink Yayınları,
_c2019
300 _a256 p.
500 _aKaynakça bölüm sonlarındadır.
650 4 _aKütüphanecilik
650 4 _aLibrary Science
650 0 _aBilgi erişim sistemleri
650 0 _aInformation systems
650 0 _aKütüphaneler ve engelliler
650 0 _aSelf-help devices for people with disabilities
650 0 _aKütüphaneler ve görme engelliler
650 0 _aLibraries and people with visual disabilities.
650 0 _aKütüphaneler ve İşitme engelliler
650 0 _aLibraries and the hearing impaired
650 7 _aLANGUAGE ARTS & DISCIPLINES / Library & Information Science / General
_2bisacsh
700 1 _aBezirci, Pervin
856 4 0 _uhttp://search.ebscohost.com/login.aspx?direct=true&scope=site&db=e011xww&AN=2347553
999 _c21505
_d21505